[Event "Fast one day"]
[Site "http://www.queenalice.com/game.php?id=1327485"]
[Date "2014.12.11"]
[Round "-"]
[White "Clemente"]
[Black "Marcelo_Araujo"]
[Result "0-1"]
[WhiteElo "1508"]
[BlackElo "1775"]

1. Nf3 Nf6 2. Nc3 g6 3. e4 d6 4. Bc4 Bg7 5. Ng5 e6 6. d4 c6 7. Bf4 O-O 8. e5
dxe5 9. Bxe5 Nd5 10. Bxg7 Kxg7 11. Qf3 Qxg5 12. Ne4 Qd8 13. h4 Nb4 14. Bd3 Nxd3+
15. Qxd3 Nd7 16. h5 Nf6 17. hxg6 Nxe4 18. gxh7 Nxf2 19. Qg3+ Kh8 20. Qxf2 f6 21.
O-O-O e5 22. Rh4 exd4 23. Rdxd4 Qa5 24. a3 Bf5 25. Rh5 Qc7 0-1

[Event "Challenge"]
[Site "http://www.queenalice.com/game.php?id=1331064"]
[Date "2014.12.27"]
[Round "-"]
[White "Clemente"]
[Black "fenix40rj"]
[Result "1-0"]
[WhiteElo "1440"]
[BlackElo "1360"]

1. c4 d5 2. Qa4+ Nc6 3. Nc3 Nf6 4. cxd5 Nxd5 5. e4 Nb6 6. Qb3 Be6 7. Nd5 Nd4 8.
Qd3 c5 9. Nf3 f5 10. Nxd4 cxd4 11. Qxd4 Rb8 12. Bb5+ Bd7 13. Bxd7+ Qxd7 14. Qe5
Qd8 15. Nc7+ Kd7 16. Ne6 Nc4 17. Qxf5 Qb6 18. Nxf8+ Kc7 19. Qd7# 1-0

[Event "Let's Play Chess!"]
[Site "http://www.queenalice.com/game.php?id=1333284"]
[Date "2015.1.7"]
[Round "-"]
[White "Clemente"]
[Black "lida"]
[Result "0-1"]
[WhiteElo "1469"]
[BlackElo "2326"]

1. d3 d5 2. e4 e5 3. Qh5 Nc6 4. exd5 Qxd5 5. Nc3 Qa5 6. Bd2 Nf6 7. Qf3 Bg4 8.
Qe3 Bc5 9. Ne4 Bxe3 10. Bxa5 Bxf2+ 11. Nxf2 Nxa5 12. h3 Be6 13. Nf3 Nc6 14. g4
O-O 15. g5 Nd5 16. h4 Ne3 17. Kd2 Nd5 18. h5 Rad8 19. Re1 f6 20. h6 fxg5 21.
hxg7 Rxf3 22. Ne4 Bf5 23. Nxg5 Rg3 24. Rh5 Nf4 25. Rh4 Rxg5 0-1

[Event "Let's Play Chess!"]
[Site "http://www.queenalice.com/game.php?id=1333285"]
[Date "2015.1.7"]
[Round "-"]
[White "lida"]
[Black "Clemente"]
[Result "1-0"]
[WhiteElo "2324"]
[BlackElo "1471"]

1. e4 e5 2. Nf3 d5 3. exd5 Qxd5 4. Nc3 Qd6 5. Bc4 Be6 6. Bxe6 Qxe6 7. Qe2 Nc6 8.
O-O O-O-O 9. d3 h5 10. Be3 Nf6 11. a3 e4 12. dxe4 Nxe4 13. Nb5 g5 14. Nxa7+ Nxa7
15. Bxa7 g4 16. Nd4 Rxd4 17. Bxd4 Rg8 18. Rfe1 Qd5 19. Qxe4 Qd7 20. Qe8+ Qxe8
21. Rxe8+ Kd7 22. Rae1 b6 23. Bc3 Kc6 24. Rd8 Kb7 25. Ree8 1-0

[Event "Let's Play Chess!"]
[Site "http://www.queenalice.com/game.php?id=1333343"]
[Date "2015.1.8"]
[Round "-"]
[White "tucuman"]
[Black "Clemente"]
[Result "1-0"]
[WhiteElo "1708"]
[BlackElo "1445"]

1. e4 g6 2. d4 Bg7 3. e5 d6 4. exd6 Qxd6 5. Nf3 Nc6 6. Be3 Qb4+ 7. Nc3 Qxb2 8.
Bd2 Nxd4 9. Nxd4 Bxd4 10. Qb1 Qa3 11. Qb3 Qc5 12. O-O-O Be6 13. Qb5+ c6 14. Qxc5
Bxc5 15. f3 Ba3+ 16. Kb1 b5 17. Re1 b4 18. Na4 b3 19. cxb3 Rb8 20. Re3 Bf5+ 21.
Bd3 Rd8 22. Kc2 Nf6 23. Bxf5 gxf5 24. Rd1 Nd5 25. Ree1 O-O 26. g4 e6 27. gxf5
exf5 28. Rg1+ Kh8 29. f4 h5 30. h4 c5 31. Rg5 Nf6 32. Rxf5 Rg8 33. Rxf6 c4 34.
Bc3 Rg2+ 35. Rd2 Rg7 36. Rxd8+ 1-0

[Event "Let's Play Chess!"]
[Site "http://www.queenalice.com/game.php?id=1333344"]
[Date "2015.1.8"]
[Round "-"]
[White "tucuman"]
[Black "Clemente"]
[Result "1-0"]
[WhiteElo "1687"]
[BlackElo "1467"]

1. e4 Nc6 2. d4 d5 3. e5 f6 4. Nf3 h5 5. a3 a5 6. h3 fxe5 7. dxe5 Bf5 8. Nc3 d4
9. Na2 e6 10. Be2 Qd5 11. Bf4 d3 12. cxd3 Nge7 13. Nc3 Qc5 14. O-O Ng6 15. Be3
Nd4 16. Bxd4 Qe7 17. Qa4+ c6 18. Ne4 b5 19. Qc2 Qd7 20. Bc5 Be7 21. Bxe7 Nxe7
22. Nc5 Qc7 23. Ng5 Qxe5 24. Nf3 Qf4 25. Nh2 g5 26. Ne4 g4 27. h4 Ng6 28. Qxc6+
Kf8 29. Qxa8+ Kg7 30. Qb7+ Kh6 31. g3 Qe5 32. Rae1 Rb8 33. Qf7 Rf8 34. Qa7 a4
35. Ng5 1-0

[Event "Let's Play Chess!"]
[Site "http://www.queenalice.com/game.php?id=1333491"]
[Date "2015.1.7"]
[Round "-"]
[White "strontcan"]
[Black "Clemente"]
[Result "1-0"]
[WhiteElo "1795"]
[BlackElo "1457"]

1. e4 e5 2. Nf3 d6 3. d4 d5 4. Nxe5 dxe4 5. Bc4 Be6 6. Bxe6 fxe6 7. Qh5+ Ke7 8.
Bg5+ Nf6 9. Qf7+ Kd6 10. Nc4+ Kd5 11. Ne3+ Kc6 12. Qxe6+ Bd6 13. Bxf6 gxf6 14.
Qxe4+ Kb6 15. Nc4+ Ka6 16. Qd3 b5 17. Nxd6 Qxd6 18. Qa3+ Qxa3 19. Nxa3 Re8+ 20.
Kd2 b4 21. Nc4 Re4 22. c3 bxc3+ 23. bxc3 Nc6 24. Rae1 Rg4 25. g3 Rd8 26. f4 Kb5
27. Kd3 h5 28. Rb1+ Ka6 29. Ne3 Rg7 30. Rb2 Rgd7 31. Nc2 Na5 32. Nb4+ Kb7 33.
Nd5+ Kc6 34. Nxf6 Rh8 35. Nxd7 Kxd7 36. Re1 h4 37. Rbe2 Nc6 38. g4 Rh7 39. h3 a5
40. a4 Kc8 41. f5 Kb7 42. g5 Rh5 43. f6 Nd8 44. g6 Rg5 45. g7 1-0

[Event "Let's Play Chess!"]
[Site "http://www.queenalice.com/game.php?id=1333492"]
[Date "2015.1.7"]
[Round "-"]
[White "Clemente"]
[Black "strontcan"]
[Result "0-1"]
[WhiteElo "1453"]
[BlackElo "1731"]

1. c4 Nf6 2. d4 g6 3. Nc3 d5 4. e3 Bg7 5. cxd5 Nxd5 6. Qa4+ Bd7 7. Qc4 Nxc3 8.
Qxc3 O-O 9. Bc4 c5 10. Nf3 Nc6 11. Ng5 cxd4 12. exd4 Nxd4 13. Bxf7+ Rxf7 14.
Nxf7 Kxf7 15. Qc4+ Be6 16. Qa4 Rc8 17. Be3 Nc2+ 18. Ke2 Nxa1 19. Rxa1 Bc4+ 20.
Kf3 Qd5+ 21. Kg3 Be5+ 22. f4 Qe4 23. Qxa7 Bd5 24. fxe5 Qxg2+ 0-1

[Event "Challenge"]
[Site "http://www.queenalice.com/game.php?id=1340786"]
[Date "2015.2.11"]
[Round "-"]
[White "Clemente"]
[Black "Ruusgugg"]
[Result "1-0"]
[WhiteElo "1453"]
[BlackElo "1369"]

1. c4 d5 2. Na3 c5 3. Nf3 dxc4 4. Nxc4 b5 5. Nce5 a5 6. Ng5 Nh6 7. e4 f6 8. Nef7
Qd7 9. Nxh8 fxg5 10. a4 b4 11. Bb5 Nc6 12. h4 g4 13. Qe2 Qe6 14. d3 Qf6 15. e5
Qe6 16. Qe4 Bb7 17. Be3 Kd8 18. Qxh7 Nf5 19. Bc4 Qxe5 20. Nf7+ Kc7 21. Nxe5 Rd8
22. Qxf5 b3 23. Nf7 Rd7 24. Bf4+ Kc8 25. Ne5 Nd4 26. Qxd7+ Kb8 27. Nc6+ Ka8 28.
Qd8+ Bc8 29. Qxc8# 1-0

[Event "Carnaval 2015"]
[Site "http://www.queenalice.com/game.php?id=1341218"]
[Date "2015.2.12"]
[Round "-"]
[White "Bategoll"]
[Black "Clemente"]
[Result "1-0"]
[WhiteElo "1810"]
[BlackElo "1455"]

1. e4 d6 2. d4 e6 3. f4 Qh4+ 4. g3 Qf6 5. Nf3 e5 6. dxe5 dxe5 7. f5 a6 8. Nc3 c6
9. Qe2 h6 10. Be3 g6 11. fxg6 fxg6 12. O-O-O Bg4 13. Bg2 b5 14. Rd3 Qe6 15. Rhd1
Be7 16. Qd2 Kf7 17. Rf1 Nf6 18. Kb1 Bb4 19. Bxh6 Nxe4 20. Nxe5+ Ke7 21. Bxe4
Qxe5 22. Bf4 1-0

[Event "Go Home"]
[Site "http://www.queenalice.com/game.php?id=1345351"]
[Date "2015.3.4"]
[Round "-"]
[White "Clemente"]
[Black "masam2014"]
[Result "0-1"]
[WhiteElo "1439"]
[BlackElo "1506"]

1. e4 e5 2. Qh5 Nc6 3. Bc4 Qf6 4. b3 Nd4 5. Na3 Bxa3 6. Bxf7+ Qxf7 7. Qxe5+ Ne6
8. Bxa3 d6 9. Qb5+ Qd7 10. Qh5+ g6 11. Qf3 Nd4 12. Qd3 c5 0-1

[Event "Horse Black"]
[Site "http://www.queenalice.com/game.php?id=1345352"]
[Date "2015.3.4"]
[Round "-"]
[White "masam2014"]
[Black "Clemente"]
[Result "1-0"]
[WhiteElo "1491"]
[BlackElo "1454"]

1. d4 c6 2. c4 d5 3. e3 dxc4 4. Bxc4 h5 5. h4 e6 6. Nf3 Nd7 7. O-O Nb6 8. Bb3 c5
9. dxc5 Bxc5 10. Qxd8+ Kxd8 11. Ne5 Ke7 12. Nc3 f6 13. Ng6+ 1-0

[Event "Horse Black"]
[Site "http://www.queenalice.com/game.php?id=1345353"]
[Date "2015.3.4"]
[Round "-"]
[White "masam2014"]
[Black "Clemente"]
[Result "1-0"]
[WhiteElo "1519"]
[BlackElo "1426"]

1. d4 e6 2. a3 Qf6 3. Nf3 d6 4. e3 e5 5. dxe5 dxe5 6. Nc3 Bf5 7. Nd5 Qd6 8. Nc3
Qc6 9. Nxe5 Qf6 10. Nf3 Bg4 11. Be2 h5 12. O-O 1-0

[Event "AUTO-OPEN-3447"]
[Site "http://www.queenalice.com/game.php?id=1345989"]
[Date "2015.3.6"]
[Round "1"]
[White "Eduardomoreto67"]
[Black "Clemente"]
[Result "1-0"]
[WhiteElo "2154"]
[BlackElo "1464"]

1. e4 e5 2. Nf3 Qf6 3. d4 Bd6 4. Bc4 Nc6 5. O-O exd4 6. c3 dxc3 7. Nxc3 Nh6 8.
Nd5 Qg6 9. e5 Nxe5 10. Nh4 Qe4 11. Bxh6 gxh6 12. Nf6+ Ke7 13. Nxe4 Ng4 14. Qxg4
Be5 15. Nf5+ Kd8 16. Qh4+ 1-0

[Event "AUTO-OPEN-3447"]
[Site "http://www.queenalice.com/game.php?id=1345990"]
[Date "2015.3.6"]
[Round "1"]
[White "Clemente"]
[Black "Eduardomoreto67"]
[Result "0-1"]
[WhiteElo "1466"]
[BlackElo "2153"]

1. e4 c6 2. d4 d5 3. Nc3 dxe4 4. Nxe4 Bf5 5. Ng5 Nf6 6. Bc4 e6 7. h3 Nbd7 8. g4
Bg6 9. Ne2 Be7 10. Nf4 Nxg4 11. Qxg4 Qa5+ 12. Bd2 Qxg5 13. Qxg5 Bxg5 14. O-O-O
Be4 15. Rhg1 Bf6 0-1